Основы кабельной техники: учебное пособие

ग्रंथसूची विवरण
अन्य लेखक: Привезенцев В. А. Владимир Алексеевич (редактор)
भाषा:रूसी
प्रकाशित: Москва, Энергия, 1975
संस्करण:2-е изд., перераб. и доп.
विषय:
स्वरूप: पुस्तक
KOHA link:https://koha.lib.tpu.ru/cgi-bin/koha/opac-detail.pl?biblionumber=33712

MARC

LEADER 00000nam0a2200000 4500
001 33712
005 20231030215908.0
035 |a (RuTPU)RU\TPU\book\34078 
035 |a BOOK00000729 
090 |a 33712 
100 |a 20011210d1975 m y0rusy50 ca 
101 0 |a rus 
102 |a RU 
105 |a a j 001zy 
200 1 |a Основы кабельной техники  |e учебное пособие  |f под ред. В. А. Привезенцева 
205 |a 2-е изд., перераб. и доп. 
210 |a Москва  |c Энергия  |d 1975 
215 |a 472 с.  |c ил. 
320 |a Библиогр.: с. 466-467 
451 1 |0 (RuTPU)RU\TPU\book\34077  |t Основы кабельной техники  |o учебное пособие  |f под ред. В. А. Привезенцева  |c Москва  |n Энергия  |d 1967  |p 464 с. 
610 1 |a высокие напряжения 
610 1 |a кабельная техника 
610 1 |a теория 
610 1 |a расчеты 
610 1 |a конструирование 
610 1 |a учебные пособия 
675 |a 621.315.2(075.8)  |v 3 
702 1 |a Привезенцев  |b В. А.  |g Владимир Алексеевич  |4 340 
801 0 |a RU  |b 63413507  |c 20011210  |g PSBO 
801 2 |a RU  |b 63413507  |c 20210416  |g PSBO 
900 |a Техника высоких напряжений 
900 |a Основы кабельной техники 
900 |a Силовые кабели и кабельные линии 
942 |c BK